| 000 | 00512cam a2200193 4500 | ||
|---|---|---|---|
| 008 | 000000n1999 000 0 eng u | ||
| 020 | _a0860175197 | ||
| 035 | _a(Sirsi) u104053 | ||
| 050 | _a693.5 | ||
| 100 | _aAinsworth, P R | ||
| 245 | _aAction in the case of nonconformity of concrete structures. | ||
| 260 |
_aLondon _bCIRIA _c1999 |
||
| 300 | _a154p. ; 30cm. | ||
| 350 | _a80.00 | ||
| 650 | _aCONCRETE | ||
| 690 | _aBUILT ENVIRONMENT-CONSTRUCTION DESIGN | ||
| 700 | _aHopkins, C J | ||
| 942 | _n0 | ||
| 999 |
_c100205 _d100205 |
||